| 000 | 01485nas a2200277 454500 | ||
|---|---|---|---|
| 001 | 26777 | ||
| 005 | 20260407193507.0 | ||
| 008 | 260407s2000####ag###########|||spa#d | ||
| 003 | AR-UNSa-BCEJYS | ||
| 040 |
_aAR-UNSa-BCEJYS _bspa _cAR-UNSa-BCEJYS |
||
| 080 |
_a3 _xCiencias sociales. Estadística. Política. Economía. Comercio. Derecho. Gobierno. Asuntos militares. Bienestar social. Seguros. Educación. Folclore |
||
| 245 | 1 | 0 | _aCuadernos de humanidades |
| 022 | _a0327-8115 | ||
| 264 | 1 |
_aSalta : _bFacultad de Humanidades. Universidad Nacional de Salta _c2000 |
|
| 310 | _aFreecuencia: Anual | ||
| 520 | _aCuadernos de Humanidades es una publicación anual de la Facultad de Humanidades de la Universidad Nacional de Salta, Argentina. Está abierta a los docentes e investigadores y sus artículos tratan con las ciencias sociales y las humanidades. Los trabajos son sujetos a la evaluación externa de un comité de expertos reconocidos en el país y en el extranjero debido a su nivel académico. | ||
| 942 | _cSER | ||
| 590 | _aniveau_biblio:s niveau_hierar:1 | ||
| 100 | 1 | _aUniversidad Nacional de Salta. Facultad de Humanidades. Comisión de Biblioteca y Cuadernos de Humanidades | |
| 650 | _aLiteratura | ||
| 650 | _aCiencias sociales | ||
| 650 | _aCiencias de la educación | ||
| 650 | _aFilosofía | ||
| 650 | _aHistoria | ||
| 856 | 4 | 1 |
_uhttps://biblioeco.unsa.edu.ar/pmb/images/revistas/Cuadernos de Humanidades n 22-23(r12925).jpg _yImagen de portada _qimage/jpeg |
| 999 |
_c8613 _d8613 |
||